| 000 | 00495nam a22001697a 4500 | ||
|---|---|---|---|
| 008 | 140613b xxu||||| |||| 00| 0 eng d | ||
| 100 | _aDalgleish, Tim | ||
| 245 |
_aThe Structure of Past and Future Lives in Desperation / _cDalgleish, Tim et. al |
||
| 260 | _cc2011. | ||
| 300 | _a120 : 1, page 1 | ||
| 440 | _pJournal of Abnormal Psychology | ||
| 650 | _aDepression | ||
| 650 | _aAutobiographical memory | ||
| 650 | _aOvergeneral | ||
| 650 | _aCompartmentalization. | ||
| 942 |
_2lcc _cSE |
||
| 999 |
_c118445 _d118445 |
||